000 00671nam a2200217Ia 4500
003 OSt
005 20250519124238.0
008 210210b1981 xxu||||| |||| 00| 0 eng d
040 _cAL
041 _aKannada
082 _aK894.308 NIRV
100 _aNIRANJANA, Ed.
_dನಿರಂಜನ
_9210352
245 _aVishva katha kosha.S6-Vichitra kakshidara.
_bವಿಶ್ವ ಕಥಾ ಕೋಶ ಸಂ ೬- ವಿಚಿತ್ರ ಕಕ್ಷಿದಾರ
260 _aBangaluru
_bNavakarnataka Publikeshans
_c1981
300 _a255
440 _a6
_9210353
650 _aKategalu
_9210354
690 _aKannada Fiction
_9210355
906 _a035172
942 _2ddc
_cBK
999 _c85951
_d85951